[Event "Uljanovsk-ch U26 op"]
[Site "Uljanovsk"]
[Date "2013.04.07"]
[Round "9"]
[White "Kovtun, Sergey"]
[Black "Sinicin, Vladimir"]
[Result "0-1"]
[WhiteElo "2025"]
[BlackElo "1655"]
[PlyCount "118"]
[EventDate "2013.03.23"]
[EventType "swiss"]
[EventRounds "9"]
[EventCountry "RUS"]
[SourceTitle "EXT 2014"]
[Source "ChessBase"]
[SourceDate "2013.11.20"]
[SourceVersion "1"]
[SourceVersionDate "2013.11.20"]
[SourceQuality "1"]

1. e4 c5 2. Nf3 d6 3. d4 cxd4 4. Nxd4 Nf6 5. Nc3 a6 6. Be2 e6 7. 0-0 Be7 8. f4 Qc7 9. g4 h6 10. g5 hxg5 11. fxg5 d5 12. e5 Ne4 13. Nxe4 dxe4 14. Bf4 Nd7 15. g6 Nxe5 16. gxf7+ Kf8 17. Bg4 Bd6 18. Bxe6 Nf3+ 19. Rxf3 Bxf4 20. Bxc8 Bxh2+ 21. Kf2 Qxc8 22. Rf5 Rh6 23. Qg4 Be5 24. Qxe4 Bxd4+ 25. Kg2 Qc6 26. Qxc6 bxc6 27. c3 Bf6 28. Rc5 Rg6+ 29. Kf3 Kxf7 30. Rxc6 Be7 31. Rc7 Rd8 32. Re1 Re6 33. Re3 Rxe3+ 34. Kxe3 g5 35. b4 Rd6 36. a4 g4 37. Kf4 Rg6 38. Kg3 Ke8 39. Rc4 Bd6+ 40. Kg2 Kd7 41. Rd4 g3 42. c4 Kc6 43. c5 Bc7 44. Rh4 Rf6 45. Rg4 Rf2+ 46. Kg1 Bf4 47. Rg6+ Kd5 48. Rxa6 Rh2 49. Rg6 Be3+ 50. Kf1 Rf2+ 51. Ke1 g2 52. Rg5+ Kd4 53. Rg8 Rf1+ 54. Ke2 g1Q 55. Rxg1 Rxg1 56. c6 Bf4 57. Kf3 Bd6 58. b5 Kc5 59. Ke4 Ra1 0-1

[Event "Uljanovsk-ch U26 op"]
[Site "Uljanovsk"]
[Date "2013.03.31"]
[Round "5"]
[White "Arslanov, Ildar"]
[Black "Kovtun, Sergey"]
[Result "0-1"]
[WhiteElo "2138"]
[BlackElo "2025"]
[PlyCount "73"]
[EventDate "2013.03.23"]
[EventType "swiss"]
[EventRounds "9"]
[EventCountry "RUS"]
[SourceTitle "EXT 2014"]
[Source "ChessBase"]
[SourceDate "2013.11.20"]
[SourceVersion "1"]
[SourceVersionDate "2013.11.20"]
[SourceQuality "1"]

1. c4 Nf6 2. Nc3 e5 3. Nf3 Nc6 4. g3 Bc5 5. d3 0-0 6. Bg2 Re8 7. 0-0 d6 8. Bg5 h6 9. Bxf6 gxf6 10. Qd2 Kg7 11. Nd5 a5 12. Nh4 Ne7 13. Ne3 f5 14. Kh1 f4 15. Nc2 Ng6 16. Nxg6 fxg6 17. gxf4 exf4 18. d4 Bb6 19. a3 Qf6 20. b4 axb4 21. axb4 Rxa1 22. Rxa1 c6 23. c5 Bc7 24. Ra7 dxc5 25. bxc5 f3 26. exf3 Qh4 27. h3 Bxh3 28. Ne3 Bc8+ 29. Kg1 Bb8 30. Ra8 Bf4 31. Kf1 Qg5 32. Ra3 h5 33. Qc3 h4 34. Ng4 Bd2 35. Qa1 Re1+ 36. Qxe1 Bxe1 37. Kxe1 0-1

[Event "Uljanovsk-ch U26 op"]
[Site "Uljanovsk"]
[Date "2013.03.30"]
[Round "4"]
[White "Kovtun, Sergey"]
[Black "Ulanov, Alexandr"]
[Result "0-1"]
[WhiteElo "2025"]
[BlackElo "2390"]
[PlyCount "106"]
[EventDate "2013.03.23"]
[EventType "swiss"]
[EventRounds "9"]
[EventCountry "RUS"]
[SourceTitle "EXT 2014"]
[Source "ChessBase"]
[SourceDate "2013.11.20"]
[SourceVersion "1"]
[SourceVersionDate "2013.11.20"]
[SourceQuality "1"]

1. e4 g6 2. d4 Bg7 3. Nf3 d6 4. Bc4 c6 5. Bb3 Nf6 6. e5 dxe5 7. Nxe5 0-0 8. 0-0 Bf5 9. c3 Nbd7 10. Nxd7 Qxd7 11. Nd2 Qc7 12. Nf3 c5 13. Be3 Rad8 14. Qe2 Ng4 15. Rfe1 a6 16. Rad1 cxd4 17. Bxd4 Bxd4 18. cxd4 Rd7 19. Ne5 Nxe5 20. Qxe5 Rfd8 21. Qxc7 Rxc7 22. Rd2 Rd6 23. f3 h5 24. Kf2 Kf8 25. Ke3 Rb6 26. Rg1 Be6 27. d5 Bd7 28. g4 hxg4 29. fxg4 a5 30. Rf1 Bxg4 31. Rdf2 Bf5 32. h4 Rb4 33. Rf4 Rxf4 34. Rxf4 Kg7 35. Rc4 Rxc4 36. Bxc4 Kf6 37. Kf4 e5+ 38. Kf3 Bd7 39. Ke4 Bf5+ 40. Kf3 b6 41. a3 Ke7 42. b4 axb4 43. axb4 Kd6 44. Bb3 Bc8 45. Bd1 Bb7 46. Kg4 Bxd5 47. h5 gxh5+ 48. Kg5 f6+ 49. Kxh5 f5 50. Kg5 f4 51. Kg4 Be6+ 52. Kf3 Bf7 53. Ke4 Bg6+ 0-1

[Event "Uljanovsk-ch op fin"]
[Site "Uljanovsk"]
[Date "2008.03.22"]
[Round "9"]
[White "Kovtun, Sergey"]
[Black "Loboda, Nikolay"]
[Result "0-1"]
[WhiteElo "2027"]
[BlackElo "2081"]
[PlyCount "117"]
[EventDate "2008.03.09"]
[EventType "swiss"]
[EventRounds "9"]
[EventCountry "RUS"]
[SourceTitle "EXT 2022"]
[Source "ChessBase"]
[SourceDate "2021.10.06"]
[SourceVersion "1"]
[SourceVersionDate "2021.10.06"]
[SourceQuality "1"]

1. e4 c5 2. Nf3 Nc6 3. d4 cxd4 4. Nxd4 g6 5. Nc3 Bg7 6. Be3 Nf6 7. f3 0-0 8. Bc4 Qb6 9. Bb3 Nxe4 10. Nd5 Qa5+ 11. c3 Bxd4 12. Bxd4 Nc5 13. 0-0 Nxb3 14. Qxb3 d6 15. Be3 Kg7 16. Qd1 e6 17. Nf4 Qd8 18. Qd2 Qe7 19. Rfe1 f6 20. Nd5 Qf7 21. Bh6+ Kg8 22. Bxf8 Kxf8 23. Nb4 Qc7 24. Qh6+ Kg8 25. Nd5 Qf7 26. Ne3 Bd7 27. Rad1 d5 28. Qh4 Ne7 29. Ng4 Kg7 30. Qh6+ Kg8 31. Qf4 Nf5 32. Qxf5 gxf5 33. Nh6+ Kg7 34. Nxf7 Kxf7 35. c4 Bc6 36. Rd4 e5 37. Rh4 d4 38. Rxh7+ Ke6 39. b4 a6 40. Rb1 e4 41. b5 axb5 42. cxb5 Bd5 43. Rc1 d3 44. Rcc7 d2 45. Rhe7+ Kd6 46. Red7+ Ke5 47. Rxd5+ Kxd5 48. Rd7+ Kc4 49. Rxd2 e3 50. Rb2 Kc3 51. Rb3+ Kd2 52. Rb2+ Kc3 53. Rb3+ Kd4 54. Kf1 Rxa2 55. h4 f4 56. Rb4+ Kd3 57. Rb3+ Kc4 58. Rb1 Rf2+ 59. Kg1 0-1

[Event "Uljanovsk-ch op fin"]
[Site "Uljanovsk"]
[Date "2008.03.10"]
[Round "3"]
[White "Kovtun, Sergey"]
[Black "Borisov, Grigori"]
[Result "1-0"]
[WhiteElo "2027"]
[BlackElo "1781"]
[PlyCount "61"]
[EventDate "2008.03.09"]
[EventType "swiss"]
[EventRounds "9"]
[EventCountry "RUS"]
[SourceTitle "EXT 2022"]
[Source "ChessBase"]
[SourceDate "2021.10.06"]
[SourceVersion "1"]
[SourceVersionDate "2021.10.06"]
[SourceQuality "1"]

1. e4 c5 2. Nf3 d6 3. d4 cxd4 4. Nxd4 Nf6 5. Nc3 a6 6. Bg5 e6 7. f4 Be7 8. Qf3 0-0 9. 0-0-0 Qc7 10. g4 Nc6 11. Qh3 b5 12. Nxc6 Qxc6 13. e5 Nd5 14. Bxe7 Nxe7 15. exd6 Nd5 16. Bd3 g6 17. Ne4 Nxf4 18. Nf6+ Kg7 19. Qxh7+ Kxf6 20. g5+ Kxg5 21. Rhg1+ Kf6 22. Qh4+ Kg7 23. Qxf4 Qc5 24. Rg5 f5 25. Rdg1 Rf6 26. Qg3 Qd4 27. Rxg6+ Kf7 28. Rxf6+ Ke8 29. Qg8+ Kd7 30. Qxe6+ Kc6 31. d7+ 1-0

[Event "Uljanovsk Petrosian Memorial op"]
[Site "Uljanovsk"]
[Date "2007.06.19"]
[Round "5"]
[White "Kovtun, Sergey"]
[Black "Borisov, Grigori"]
[Result "1-0"]
[WhiteElo "2040"]
[BlackElo "1792"]
[PlyCount "35"]
[EventDate "2007.06.16"]
[EventType "swiss"]
[EventRounds "9"]
[EventCountry "RUS"]
[SourceTitle "EXT 2022"]
[Source "ChessBase"]
[SourceDate "2021.10.06"]
[SourceVersion "1"]
[SourceVersionDate "2021.10.06"]
[SourceQuality "1"]

1. e4 c5 2. Nf3 d6 3. d4 cxd4 4. Nxd4 Nf6 5. Nc3 a6 6. Bg5 e6 7. f4 Be7 8. Qf3 h6 9. Bh4 Nbd7 10. 0-0-0 Nc5 11. e5 Nd5 12. Bxe7 Qxe7 13. Nxd5 exd5 14. Qxd5 Nd7 15. Nf5 Nb6 16. Nxe7 Nxd5 17. Nxd5 dxe5 18. Nc7+ 1-0

[Event "Uljanovsk Petrosian Memorial op"]
[Site "Uljanovsk"]
[Date "2006.06.11"]
[Round "7"]
[White "Saveliev, Dmitri"]
[Black "Kovtun, Sergey"]
[Result "1/2-1/2"]
[WhiteElo "1982"]
[BlackElo "2034"]
[PlyCount "112"]
[EventDate "2006.05.27"]
[EventType "swiss"]
[EventRounds "9"]
[EventCountry "RUS"]
[SourceTitle "EXT 2008"]
[Source "ChessBase"]
[SourceDate "2007.11.25"]
[SourceVersion "1"]
[SourceVersionDate "2007.11.25"]
[SourceQuality "1"]

1. d4 Nf6 2. c4 e6 3. g3 Bb4+ 4. Bd2 Nc6 5. Bxb4 Nxb4 6. a3 Nc6 7. Bg2 d5 8. e3 0-0 9. Ne2 Ne7 10. 0-0 Bd7 11. Nd2 Bc6 12. Nc3 Qd7 13. b3 Rfe8 14. Qe2 Ng6 15. Rfd1 Rad8 16. f4 Re7 17. c5 Ne8 18. Rdc1 f5 19. b4 b5 20. cxb6 cxb6 21. b5 Bb7 22. Na2 Nd6 23. a4 Rc8 24. Qd3 Qd8 25. Rxc8 Qxc8 26. Rc1 Rc7 27. Rxc7 Qxc7 28. Qc3 Qxc3 29. Nxc3 a5 30. h3 Ne7 31. g4 g6 32. Kf2 Ne4+ 33. Bxe4 fxe4 34. Kg3 Kf7 35. Kh4 h6 36. Ne2 Kg7 37. Ng3 Bc8 38. Ne2 Bd7 39. Nc3 Be8 40. Ndb1 Nc8 41. Na3 Nd6 42. Ne2 Bd7 43. Kg3 Be8 44. Nc3 Bd7 45. Nd1 Be8 46. Nc3 Bd7 47. Ncb1 Be8 48. Nd2 Bd7 49. Nab1 Be8 50. Nc3 Bd7 51. Kg2 Be8 52. Kh2 Bd7 53. Kg3 Be8 54. Ne2 Bd7 55. f5 g5 56. fxe6 Bxe6 1/2-1/2

[Event "Uljanovsk Petrosian Memorial op"]
[Site "Uljanovsk"]
[Date "2006.05.28"]
[Round "2"]
[White "Belousov, Aleksandr"]
[Black "Kovtun, Sergey"]
[Result "1-0"]
[WhiteElo "2198"]
[BlackElo "2034"]
[PlyCount "95"]
[EventDate "2006.05.27"]
[EventType "swiss"]
[EventRounds "9"]
[EventCountry "RUS"]
[SourceTitle "EXT 2008"]
[Source "ChessBase"]
[SourceDate "2007.11.25"]
[SourceVersion "1"]
[SourceVersionDate "2007.11.25"]
[SourceQuality "1"]

1. e4 c5 2. Nc3 Nc6 3. Nge2 Nf6 4. g3 d5 5. exd5 Nxd5 6. Bg2 e6 7. 0-0 Be7 8. d3 0-0 9. Re1 Rb8 10. h3 Qd7 11. Nxd5 exd5 12. d4 cxd4 13. Nxd4 Bf6 14. Be3 Ne7 15. Bf4 Ra8 16. c3 b6 17. Qd2 Bb7 18. Rad1 Rad8 19. Bg5 Bxg5 20. Qxg5 Rfe8 21. h4 f6 22. Qh5 Ng6 23. Qf5 Qxf5 24. Nxf5 Kf7 25. Rxe8 Kxe8 26. Nxg7+ Kf7 27. Nf5 Ne5 28. Ne3 Ke6 29. f4 Nf7 30. Kf2 f5 31. c4 d4 32. Bd5+ Bxd5 33. cxd5+ Rxd5 34. Nxd5 Kxd5 35. Kf3 Nd6 36. b3 Ne4 37. h5 Nf6 38. Re1 d3 39. Ke3 Nxh5 40. Rg1 d2 41. Kxd2 Ke4 42. Ke2 Nf6 43. Rc1 b5 44. Rc7 a5 45. Ra7 a4 46. bxa4 Nd5 47. axb5 Nc3+ 48. Kf2 1-0